| 000 | 00387nam a22001457a 4500 | ||
|---|---|---|---|
| 999 |
_c8079 _d8079 |
||
| 003 | OSt | ||
| 005 | 20200706114648.0 | ||
| 008 | 200706b ||||| |||| 00| 0 eng d | ||
| 020 | _a9783869226118 | ||
| 082 |
_a720 _bALB |
||
| 100 |
_a Albus, Jutta, _d1976- |
||
| 245 | _aPrefabrication and automated processes in residential construction | ||
| 260 |
_bDOM-PUBLISHERS _c 2018 |
||
| 942 | _2ddc | ||